000 00890nas a2200265 4500
001 BR2013007946
003 BR-BrBNA
005 20231205123033.0
007 ta
008 230509b bl.|||p| |||| 00| 00por d
040 _aBR-BrBNA
_bpor
_cBiblioteca Nacional de Agricultura
041 _a(Pt)
072 _aF01; P10; F08
100 1 _aPalaretti, L.F.
100 1 _aMantovani, E.C.
100 1 _aSediyama, G.C.
245 1 _aCaracterização e diagnóstico de sistemas de irrigação e práticas de manejo de água na citricultura do norte do estado de São Paulo
650 _aMANEJO DA ÁGUA
650 _aIRRIGAÇÃO
650 _aCITRICULTURA
650 _aSISTEMA DE CULTIVO
773 0 _tCadernos de Ciência e Tecnologia (Brazil)
_xISSN 0104-1096
_g(May-Aug 2011), v. 28(2) p. 531-551
_wBR2013007946
909 _a202311
_bLúcia
_c55
_dLúcia Elande
942 _2AGRIS
_n0
_cANA
999 _c231881
_d231881